Enciclopedia Autodidactica Oceano (Registro nro. 208)

Detalles MARC
000 -Cabecera
Campo de control interno 01007nam a2200241Ia 4500
005 - Fecha y hora del registro
control field 20251203123018.0
008 - Elementos de Longitud Fija
fixed length control field 251203t1987||||xx |||||||||||||| ||spa||
020 ## - ISBN
ISBN 958320000
041 ## - Idioma
Codigo Idioma ESP
082 ## - DEWEY y NOTACIÓN INTERNA
Dewey RE 036
Notación Interna O28
110 ## - AUTOR INSTTITUCIONAL
Autor Institucional Ediciones Océano
245 #0 - TÍTULO DE MATERIAL BIBLIOGRÁFICO
Título Enciclopedia Autodidactica Oceano
Título paralelo Volúmenes 1-8
260 ## - CIUDAD, EDITORIAL, AÑO
Ciudad Barcelona
Nombre de la Editorial Oceano
Año 1987
300 ## - DESCRIPCIÓN
N° Páginas 280 páginas :
Otros detalles ilustraciones ;
Dimensiones 26 cm.
Material Adicional
440 ## - MENCIÓN DE SERIE
Título de la Serie
Número de Serie
Volumen de Serie
505 ## - TABLA DE CONTENIDO
Tabla de Contenido Contenido: Volumen 1: Lengua y humanidades.- Volumen 2: Lengua y humanidades. Volumen 3: Ciencia y tecnología 1.- Volumen 4: Ciencia y tecnología 2. Volumen 5: Ciencias experimentales, naturales y aplicadas. - Volumen 6: Ciencias experimentales, naturales y aplicadas 2.- Volumen 7: Ciencias sociales y deportes. Volumen 8: Geografía, Historia, Arte y deportes 2
650 ## - TEMAS
Temas Generalidades
653 ## - DESCRIPTORES
Lenguajes no controlado Enciclopedias; Obras enciclopédicas generales
654 ## - PROGRAMAS
Programa Todos los programas
700 ## - OTROS AUTORES
Otros autores Marti, José María
Títulos y otras palabras asociadas con el nombre director
942 ## - ELEMENTOS DE KOHA
Tipo de documento Enciclopedia
Nombre del creador Justo Noguera
Código de catalogador Mirtha Ponce
Esquema de clasificación Dewey Decimal Classification
Suppress in OPAC
Existencias
Codigo completo Registro Colección Copia número Disponibilidad Tipo de préstamo Biblioteca Actual Procedencia (Biblioteca) Ubicacón Fecha Ingreso Tipo de Adquisición Date last seen Total checkouts Price effective from Tipo de Item Estado del Material Fuente de Clasificación Damaged status Withdrawn status
RE 036 O28 1085077 Colección Vera Bejar 1   Restringido Víctor Andrés Belaunde Víctor Andrés Belaunde Planta baja cerrada 03/10/2025 Donación 03/12/2025   03/12/2025 Enciclopedia Bueno Dewey Decimal Classification   Withdrawn